000 00814nam a2200229Ia 4500
005 20241216011151.0
008 190212s9999||||xx |||||||||||||| ||und||
020 _a970-10-4667-6
082 _a657
_bG85
100 _aGUAJARDO CANTU GERARDO
245 0 _aCONTABILIDAD PARA NO CONTADORES
250 _a0
260 _aMEXICO
_bMCGRAW HILL/INTERAMERICANA EDITORES S.A.
_c2005
300 _a425 pag
_c23.5 cm
341 _h69.7
490 _v0
_a0
505 _aINFORMACION FINANCIERA PARA LA TOMA DE DECISIONES/ESTADOS FINANCIEROS/ELEMENTOS DEL PROCESO DE ELABORACION/CICLO BASICO DE ELABORACION DE INFORMACION/REFINAMIENTOS DEL CICLO CONTABLE/ESTADO DE RESULTADOS/CICLO BASICO DA
541 _aC
_bLIBUN
_d16-Aug-07
_oSoles
650 _aCIENCIAS APLICADAS
856 _zCiencias Aplicadas
942 _cLIBRO
999 _c34487
_d34487